| 000 | 01055nam a2200289Ia 4500 | ||
|---|---|---|---|
| 003 | OSt | ||
| 005 | 20221007123427.0 | ||
| 006 | a|||||r|||| 00| 0 | ||
| 007 | ta | ||
| 008 | 221006b |||||||| |||| 00| 0 eng d | ||
| 020 |
_a9971512815 (pbk) _c _ 8.50 |
||
| 024 | _a11021 | ||
| 037 |
_bMonika, _cTextual |
||
| 040 |
_aPAPL _cPAPL _beng |
||
| 041 |
_2eng _aeng |
||
| 082 | _aCN1, L02;N8;1 | ||
| 100 |
_aMerzbacher Eugen _9518060 |
||
| 245 | 0 | _aQuantum mechanics by Eugen Merzbacher | |
| 250 | _aEd 3 | ||
| 260 |
_aNew _bYork John Wiley Sons, Inc. _c1998 |
||
| 300 |
_axvi, 656p _ccm. |
||
| 500 | _a (Reprinted in 2003); ; Appendix 630-641p; Bibliographical references 642-646p; Index 647-656p; ^n23/CSL/CARPA/2003-2004/969^d2003-11-10^mPurchase; ; 2003-04/508^b2003-11-24^c505^d2003-11-17^eRs.7,403.00^fMonika Book Distributors; ; 2003-12-19^bSB^c2003-12-19^dVinay | ||
| 650 |
_a Quantum theory _9612792 |
||
| 650 | _aPhysics | ||
| 942 |
_hCN1, L02;N8;1 _cTEXL _2CC |
||
| 999 |
_c1211858 _d1211858 |
||